000 01064cab a2200289 4500
001 ABS47536
008 090401t1992 xxu||||| |||| 00| 0 eng d
035 _a(Sirsi) u62424
041 _aeng
100 _aColborne, A.
245 _aProfits method of valuation
260 _c1992
350 _a0
490 _aJournal of Property Valuation and Investment
_v11(10 Autumn 1992, 43-49(7)
520 _aDiscusses the basic concept behind the profits method of valuation and investigates the circumstances under which surveyors currently use profits within their valuations. Properties with trading potential, going concern, goodwill, total earnings, dual capitalisation, capitalised earnings are among the key factors considered.
650 _aCAPITALISED EARNINGS
650 _aDUAL CAPITALISATION
650 _aGOODWILL
650 _aPROFITS METHOD
650 _aTOTAL EARNINGS
650 _aTRADING POTENTIAL
650 _aVALUATION METHODS
690 _aRATING AND VALUATION
700 _aHall, P.C.L.
942 _n0
948 _c04/03/1997
999 _c38795
_d38795